000 01354cam a2200397 4500
999 _c23239
_d23239
001 vtls011859765
005 20220428104146.0
008 210624s2019 xo er 000 f slo
020 _a9788055166063
_q(viazané)
035 _a85A6D148-E539-4804-949C-C610E7C482B6
035 _aurn:nbn:sk:snk-am3id2d
035 _aurn:nbn:sk:snk-am00e3ys
040 _aTTKJF
_bslo
_dTTKJF
_dSNK
_erda
_csk
041 1 _aslo
_heng
044 _axo
_cSK
072 7 _a821.111-3
_xAnglická próza, anglicky písaná
_2konspekt
080 _a821.111(415)-31
_22011
080 _a(0:82-312.4)
_22011
100 1 _aMitchell, Caroline
_4aut
_93060
240 1 0 _aSilent Victim
_lSlovensky
245 1 0 _aTichá obeť
_cCaroline Mitchellová ; preložila Jana Seichertová
264 1 _aBratislava
_bIkar
_c2019
300 _a342 strán
_c21 cm
336 _atext
_btxt
_2rdacontent
337 _abez média
_bn
_2rdamedia
338 _azväzok
_bnc
_2rdacarrier
500 _aPreložené z angličtiny
655 7 _aírske romány (anglicky)
_2SNKPH
_92550
655 7 _adetektívne romány
_2SNKPH
_91710
655 7 _aIrish fiction (English)
_2SNKPHeng
_92551
655 7 _aDetective novels
_2SNKPHeng
_91711
700 1 _aSeichertová, Jana
_c(prekladateľka)
_4trl
_910
958 _aLX
958 _aUP